Library Logo

Pioneer International University Library Catalogue

SOCIOLOGY FOR A2 (Record no. 6329)

MARC details
000 -LEADER
fixed length control field 00276nam a22000977a 4500
005 - DATE AND TIME OF LATEST TRANSACTION
control field 20250901165604.0
008 - FIXED-LENGTH DATA ELEMENTS--GENERAL INFORMATION
fixed length control field 231213b |||||||| |||| 00| 0 eng d
050 ## - LIBRARY OF CONGRESS CALL NUMBER
Classification number HM251 .M324 2002
245 ## - TITLE STATEMENT
Title SOCIOLOGY FOR A2
Statement of responsibility, etc. Moore, Stephen
942 ## - ADDED ENTRY ELEMENTS (KOHA)
Source of classification or shelving scheme Library of Congress Classification
Classification part HM251 .M324 2002
Holdings
Withdrawn status Lost status Source of classification or shelving scheme Damaged status Not for loan Home library Current library Shelving location Date acquired Total checkouts Full call number Barcode Date last seen Price effective from Koha item type
    Library of Congress Classification     Main Library Main Library   12/13/2023   HM251 .M324 2002 PIU0000988 12/13/2023 12/13/2023 Books
    Library of Congress Classification     Main Library Main Library   12/13/2023   HM251 .M324 2002 PIU0000986 12/13/2023 12/13/2023 Books